000 00391nam a2200145 i 4500
001 92125
003 ES-MaACL
007 t|
008 050221s1965 sp ||||1| spa d
100 1 _aLezcano, Pedro.
_972124
245 1 0 _aConsejo de paz /
_cPedro Lezcano.
260 _a[Las Palmas] :
_b[Tall. Pedro Lezcano],
_c1965.
300 _a87 p. ;
_c20 cm.
852 _aES-MaACL
_jE-2499
_bR.56607
999 _c92125
_d92125